| 000 | 00355nam a2200145Ia 4500 | ||
|---|---|---|---|
| 008 | 210210b1976 xxu||||| |||| 00| 0 eng d | ||
| 082 | _a512 GOPU | ||
| 100 | _aGOPALAKRISHNAN (N S) | ||
| 245 | _aUniversity algebra | ||
| 260 |
_aBombay _bOrient Longman _c1976 |
||
| 300 | _a284 | ||
| 650 | _aUniversity algebra | ||
| 690 | _aAlgebra | ||
| 906 | _aSG00993 | ||
| 999 |
_c112461 _d112461 |
||